000 00660nam a2200193Ia 4500
005 20250508160022.0
008 008 250505s9999 xx 000 0 eng d
037 _aTextual
040 _aFEDL
_beng
_cFEDL
041 _aeng
_2eng
084 _a371.26, BUR
_qFEDL
245 0 _aScales of salaries for teachers in technical colleges and institutes, art colleges and schools
245 0 _cReport of the Burnham Committee. Ministry of Education
260 _aLondon, UK
_bHis Majesty's Stationery Office
_c1945
300 _a23p.
650 _aEducational - Texts and Measurement
942 _cTEXL
_h371.26, BUR
999 _c1361081
_d1361081